000 00686nam a2200229 a 4500
001 45228
003 BD-RjUL
005 20211209054001.0
008 160725s1954 ohua b 001 0 eng
035 _a(BD-RjUL)45346
035 _a(OCoLC)657408
040 _aDLC
_cPPD
_dOCoLC
_dBD-RjUL
_beng
041 _aeng
082 _a338.54
_223
_bDAB 1954
100 1 _aDauten, Carl Anton
_d1913-
_9138554
245 1 0 _aBusiness fluctuations and forecasting /
_cCarl Anton Dauten
260 _aCincinnati :
_bSouth-western Pub. Co.,
_cc1954
300 _avii, 518 p. :
_bill. ;
_c24 cm.
650 0 _aBusiness forecasting.
_9134616
650 0 _aBusiness cycles.
_9138555
942 _2ddc
_cBK
999 _c45228
_d45228